Advanced accounting: student companion enrichment manual (Record no. 3191)

MARC details
000 -LEADER
fixed length control field 00477nam a22001697a 4500
003 - CONTROL NUMBER IDENTIFIER
control field 0
005 - DATE AND TIME OF LATEST TRANSACTION
control field 20220114142419.0
008 - FIXED-LENGTH DATA ELEMENTS--GENERAL INFORMATION
fixed length control field 0
020 ## - INTERNATIONAL STANDARD BOOK NUMBER
International Standard Book Number 053882252X
040 ## - CATALOGING SOURCE
Transcribing agency 0
050 ## - LIBRARY OF CONGRESS CALL NUMBER
Classification number HF5635
Item number .F5291 1993
100 ## - MAIN ENTRY--PERSONAL NAME
Personal name Fischer, Paul M.
245 ## - TITLE STATEMENT
Title Advanced accounting: student companion enrichment manual
Remainder of title student companion enrichment manual
Statement of responsibility, etc. Paul M. Fischer
260 ## - PUBLICATION, DISTRIBUTION, ETC.
Place of publication, distribution, etc. Cencinnati Ohio:
Name of publisher, distributor, etc. South Western Publishing;
Date of publication, distribution, etc. c1993
300 ## - PHYSICAL DESCRIPTION
Extent 279 pages;
Dimensions 24 cm.
942 ## - ADDED ENTRY ELEMENTS (KOHA)
Source of classification or shelving scheme Library of Congress Classification
Koha item type Foreign Books
Holdings
Withdrawn status Source of classification or shelving scheme Damaged status Not for loan Home library Current library Date acquired Total Checkouts Full call number Barcode Date last seen Price effective from Koha item type
  Library of Congress Classification     Cainta College Library Cainta College Library 05/24/2018   HF5635.F5291 1993 URSCAI-4218 05/24/2018 05/24/2018 Foreign Books

University of Rizal System
Email us at univlibservices@urs.edu.ph

Visit our Website www.urs.edu.ph/library